000 00526nam a22001697a 4500
005 20251108164857.0
008 250721s1992 xx 000 0 ara d
082 1 4 _a211.9301412/طيب
100 1 _aالطيبي، عكاشه عبد المنان
245 1 0 _aالمرأة في ظلال القرآن /
264 1 _aالقاهره :
_bدار الفضيله للنشر و التوزيع،
_c1992.
300 _a229ص
650 1 7 _aالقرآن الكريم
650 1 7 _aالمرأة
942 _2ddc
_cBK
999 _c16480
_d16480